What's the Future of Business? Changing the Way Businesses Create Experiences
Saved in:
| Main Author: | |
|---|---|
| Format: | Book |
| Language: | English |
| Published: |
Hoboken
WILEY
2013
|
| Subjects: | |
| Tags: |
No Tags, Be the first to tag this record!
|
MARC
| LEADER | 00000nam a2200000 4500 | ||
|---|---|---|---|
| 001 | 0246914 | ||
| 005 | 20240306140505.6 | ||
| 020 | |a 978-1-118-45653-8 | ||
| 020 | |a 978-1-118-45714-6 | ||
| 020 | |a 978-1-118-45718-4 | ||
| 020 | |a 978-1-118-45719-1 | ||
| 041 | 0 | |a eng | |
| 044 | |a US | ||
| 245 | 1 | 0 | |a What's the Future of Business? |b Changing the Way Businesses Create Experiences |c Brian Solis |
| 264 | 1 | |a Hoboken |b WILEY |c 2013 | |
| 300 | |a 218 s. | ||
| 610 | 2 | 0 | |a obchod |
| 610 | 2 | 0 | |a podnikanie |
| 610 | 2 | 0 | |a transformácia |
| 610 | 2 | 0 | |a zmeny organizačné |
| 610 | 2 | 0 | |a inovácia |
| 610 | 2 | 0 | |a zákazníci |
| 610 | 2 | 0 | |a technológie nové |
| 610 | 2 | 0 | |a spotrebitelia |
| 610 | 2 | 0 | |a služby zákaznícke |
| 610 | 2 | 0 | |a médiá sociálne |
| 610 | 2 | 0 | |a služby sociálne |
| 610 | 2 | 0 | |a psychológia |
| 610 | 2 | 0 | |a značky |
| 100 | 1 | |a Solis, Brian | |